000 01011nam a2200253 a 4500
001 BRCA_3722
005 20190320204410.0
008 011009s1910----mx-a---###---#000-0#spa-#
041 _aspa
044 _amx
050 4 _aNK4031
_b.P43 1910
100 1 _aPeñafiel, Antonio
_d1831-1922
_99684
245 1 0 _aCerámica mexicana y loza de talavera de Puebla
_bépoca colonial y moderna
_cAntonio Peñafiel.
260 _aMéxico
_bImprenta y Fototipia de la Secretaría de Fomento
_c1910
300 _a44 p.
_bil., 98 láminas
_c29 cm.
500 _aSe imprime por acuerdo del Señor General Don Porfirio Díaz, Presidente de la República siendo Secretario de Fomento el Señor Licenciado Don Olegario Molina
500 _aEjemplar engargolado
500 _aPor política no se presta a domicilio
500 _aSe cuenta con la edición original en Caja Fuerte, con el número de control A121
650 1 4 _aCerámica mexicana
_99685
650 1 4 _aTalavera poblana
_91700
902 _aeng
942 _2lcc
_cB
999 _c3451
_d3451